| 000 -LEADER |
| fixed length control field |
00562nam a22001937a 4500 |
| 008 - FIXED-LENGTH DATA ELEMENTS--GENERAL INFORMATION |
| fixed length control field |
250918b 2017 ||||| |||| 00| 0 eng d |
| 020 ## - INTERNATIONAL STANDARD BOOK NUMBER |
| International Standard Book Number |
9789358546064 |
| 082 ## - DEWEY DECIMAL CLASSIFICATION NUMBER |
| Classification number |
547 |
| Item number |
SIN |
| 100 ## - MAIN ENTRY--PERSONAL NAME |
| Personal name |
Singh, Jagdamba |
| 245 ## - TITLE STATEMENT |
| Title |
Advanced organic chemistry |
| 260 ## - PUBLICATION, DISTRIBUTION, ETC. (IMPRINT) |
| Place of publication, distribution, etc |
Meerut |
| Name of publisher, distributor, etc |
Pragati Prakashan |
| Date of publication, distribution, etc |
2017 |
| 300 ## - PHYSICAL DESCRIPTION |
| Extent |
xvi, 808, iv pgs. |
| 650 ## - SUBJECT ADDED ENTRY--TOPICAL TERM |
| Topical term or geographic name as entry element |
Stereochemistry |
| 650 ## - SUBJECT ADDED ENTRY--TOPICAL TERM |
| Topical term or geographic name as entry element |
Aliphatic Electrophilic Substitution |
| 650 ## - SUBJECT ADDED ENTRY--TOPICAL TERM |
| Topical term or geographic name as entry element |
Aromatic Electrophilic Substitution |
| 700 ## - ADDED ENTRY--PERSONAL NAME |
| Personal name |
Yadav, L. D. S. |
| Relator term |
Co-Author |
| 700 ## - ADDED ENTRY--PERSONAL NAME |
| Personal name |
Singh, Jaya |
| Relator term |
Co-Author |
| 942 ## - ADDED ENTRY ELEMENTS (KOHA) |
| Item type |
Books |